<?xml version="1.0" encoding="UTF-8"?>
<marc:record xmlns:marc="http://www.loc.gov/MARC21/slim">
   <marc:leader>00000nam a2200000 a 4500</marc:leader>
   <marc:datafield ind1="0" ind2="0" tag="245">
      <marc:subfield code="a">Alice im Wunderland</marc:subfield>
   </marc:datafield>
   <marc:datafield ind1=" " ind2="1" tag="264">
      <marc:subfield code="a">Hamburg</marc:subfield>
      <marc:subfield code="b">Xenos</marc:subfield>
      <marc:subfield code="c">1996</marc:subfield>
   </marc:datafield>
   <marc:datafield ind1="1" ind2=" " tag="490">
      <marc:subfield code="a">Ein Pop-up-Buch</marc:subfield>
   </marc:datafield>
   <marc:datafield ind1=" " ind2=" " tag="250">
      <marc:subfield code="a">Dt. Ausg.</marc:subfield>
   </marc:datafield>
   <marc:datafield ind1="1" ind2=" " tag="520">
      <marc:subfield code="a">Fantastisch, bezaubernd und voller Humor &#x96; der Reiz der Geschichten von Lewis Carrolls »Alice im Wunderland« ist auch mehr als 140 Jahre nach ihrem ersten Erscheinen ungebrochen. Noch heute folgen Millionen von Lesern jedweden Alters der kleinen Alice auf ihrer traumverlorenen Reise und tauchen ein in eine Märchenwelt voller wunderbar schräger Figuren. Carrolls sprühender Witz, sein Einfallsreichtum und seine Lust am literarischen Spiel sind legendär und sichern seiner »Alice« einen Platz in den Annalen der Weltliteratur.</marc:subfield>
   </marc:datafield>
   <marc:datafield ind1=" " ind2=" " tag="020">
      <marc:subfield code="a">9783821215518</marc:subfield>
      <marc:subfield code="9">9783821215518</marc:subfield>
   </marc:datafield>
   <marc:datafield ind1=" " ind2=" " tag="041">
      <marc:subfield code="a">ger</marc:subfield>
   </marc:datafield>
   <marc:datafield ind1=" " ind2=" " tag="300">
      <marc:subfield code="a">[12] S.</marc:subfield>
   </marc:datafield>
</marc:record>
